Evaluar en la universidad: problemas y nuevos enfoques
Saved in:
| Main Authors: | , |
|---|---|
| Format: | Bog |
| Sprog: | spansk |
| Udgivet: |
Madrid
Narcea
2003
|
| Udgivelse: | 1a. ed |
| Serier: | Universitaria
|
| Fag: | |
| Tags: |
Tilføj Tag
Ingen Tags, Vær først til at tagge denne postø!
|
MARC
| LEADER | 00000cam a2200000 a 4500 | ||
|---|---|---|---|
| 001 | UCK6203 | ||
| 003 | CL-VaPUC | ||
| 008 | 050909e20030000SP |||||||||||||||||spa|d | ||
| 020 | |a 842771422X | ||
| 082 | 0 | 4 | |a 378.125 |b BRO |2 21 |
| 100 | 0 | |a Brown, Sally |e author |9 254837 | |
| 700 | 0 | |a Glasner, Angela |e author |9 495256 | |
| 245 | 1 | 0 | |a Evaluar en la universidad: problemas y nuevos enfoques |
| 250 | |a 1a. ed | ||
| 300 | |a 225 p | ||
| 942 | |c BK | ||
| 945 | |d 20050909 00:00:00 |a cmena | ||
| 260 | |a Madrid |b Narcea |c 2003 | ||
| 650 | 0 | |a Educación superior |9 223851 | |
| 650 | 0 | |a Evaluación de la educación |9 237505 | |
| 650 | 0 | |a Innovaciones pedagógicas |9 307471 | |
| 650 | 0 | |a Aprendizaje |9 254827 | |
| 583 | |a last modification |c 20131007 07:31:59 |k Rodrigo Vera | ||
| 490 | 0 | |a Universitaria | |
| 999 | |c 314513 |d 314511 | ||
| 952 | |0 0 |1 0 |4 0 |6 378_125000000000000_BRO_2003 |7 0 |8 A |9 386820 |a BIBEDU |b BIBEDU |d 2019-11-22 |i 4159616 |o 378.125 BRO 2003 |p 4159616 |r 2019-11-22 |w 2019-11-22 |y BK |k EDU | ||